Devinez la Capitale Mystère #123 - Statistiques

Statistiques générales
  • Ce quiz a été pris 118 fois
  • Le résultat moyen est 29 sur 33
Statistiques - réponses
Type de Réponse Réponse % Correct
Lettre de l'Alphabet E
100%
Lettre Trouvée R
100%
Lettre Trouvée A
99%
Lettre de l'Alphabet I
99%
Lettre de l'Alphabet L
99%
Lettre Trouvée N
99%
Lettre de l'Alphabet O
99%
Lettre de l'Alphabet S
99%
Lettre de l'Alphabet B
97%
Lettre de l'Alphabet M
95%
Lettre de l'Alphabet U
95%
Lettre de l'Alphabet D
94%
Lettre de l'Alphabet P
94%
Lettre de l'Alphabet T
93%
Lettre de l'Alphabet C
90%
Lettre de l'Alphabet G
90%
Lettre de l'Alphabet H
89%
Lettre Trouvée K
88%
Lettre Bien Placée A
85%
Lettre Bien Placée R
85%
Lettre de l'Alphabet X
83%
Lettre de l'Alphabet W
82%
Lettre Bien Placée A
80%
Lettre de l'Alphabet J
80%
Lettre Bien Placée K
80%
Lettre de l'Alphabet Y
78%
Lettre de l'Alphabet V
76%
Lettre Bien Placée A
73%
Lettre de l'Alphabet Q
73%
Lettre de l'Alphabet Z
73%
Lettre de l'Alphabet F
72%
Capitale Mystère Ankara
69%
Lettre Bien Placée N
69%
Aucun quiz correspondant
Distribution des résultats
% des personnes avec chaque résultat
Percentile par nombre de réponses
Votre historique - résultats
Vous n’avez pas pris ce quiz